|
|
|
|
| LEADER |
00000nab a2200000 a 4500 |
| 001 |
vtls000754864 |
| 003 |
SK-MaSNL |
| 005 |
20260304103312.0 |
| 008 |
250429c2001 xo 0 slo |
| 015 |
|
|
|a SNBRB2001/04-13413
|
| 035 |
|
|
|a CLN000106651
|
| 035 |
|
|
|a urn:nbn:sk:snk-ab215t
|
| 035 |
|
|
|a (urnnbn)urn:nbn:sk:snk:ar-a01e8m
|
| 035 |
|
|
|a (uuid)1073ec24-ffc9-47d4-8a11-f471238c3d2d
|
| 040 |
|
|
|a SNKBUCL
|b slo
|c SNKBUCL
|e AACR2
|
| 041 |
0 |
|
|a slo
|
| 044 |
|
|
|a xo
|c SK
|
| 080 |
|
|
|a 75.04"15/16":061.4
|2 1997
|
| 080 |
|
|
|a 78:75
|2 1997
|
| 245 |
0 |
0 |
|a Z Cremony do Viedne
|
| 300 |
|
|
|b Fotogr.
|
| 650 |
0 |
7 |
|a maliarstvo
|y stor. 16.-17
|x hudba (tematika)
|x výstavy putovné
|z Cremona (Taliansko)
|x 2001
|2 snkbucl
|9 1401396
|
| 655 |
|
7 |
|a články z novín a časopisov
|2 snkbucl
|9 267496
|
| 773 |
0 |
|
|t Hudobný život
|g Roč. 33, č. 3 (2001), s. 34
|x 1335-4140
|
| 850 |
|
|
|a Slovenská národná knižnica
|
| 852 |
|
|
|a Slovenská národná knižnica
|
| 954 |
|
|
|a odborná, vedecká literatúra pôvodná (slovenská)
|2 lita
|
| 958 |
|
|
|a article27
|
| 958 |
|
|
|a OND
|
| 958 |
|
|
|a IT
|
| 958 |
|
|
|a EUIPO
|
| 992 |
|
|
|a RBX
|
| 999 |
|
|
|c 2848613
|d 2850543
|